000 00539nam a2200193 i 4500
001 29302
003 ES-MaACL
005 20250818131133.0
007 t|
008 030121s1968 sp af |||| | spa d
080 _a840-311.6"18"
100 1 _aBalzac, Honoré de,
_d1799-1850
_925139
245 1 3 _aUn asunto tenebroso /
_cHonoré de Balzac.
260 _a[Madrid :
_bCírculo de Amigos de la Historia,
_c1968]
300 _a250 p., 8 lám. ;
_c18 cm.
700 2 _a
_9241837
852 _aES-MaACL
_jC-35629
999 _c29302
_d29302